[Event "Turtle Speed # 20"]
[Site "SchemingMind.com"]
[Date "2009.02.11"]
[Round "-"]
[White "MetallicMagma"]
[Black "Francisco Aquino"]
[Result "0-1"]
[WhiteCountry "USA"]
[BlackCountry "BRA"]
[WhiteElo "1446"]
[WhiteRD "154"]
[BlackElo "1833"]
[BlackRD "74"]
[GameID "191825"]

1. Nc3 Nf6 2. e4 e5 3. Nf3 Nc6 4. d4 exd4 5. Nxd4 Nxd4 6. Qxd4 d6 7. Qa4+ Bd7 8. Bb5 Be7 9. Nd5 c6 10. c4 cxd5
11. cxd5 O-O 12. Qb3 Nxe4 13. Bd3 Nc5 14. Qc3 Nxd3+ 15. Qxd3 Re8 16. Be3 Bg5 17. g3 a6 18. Qc3 Rc8 19. Qd4 Bxe3 20. fxe3 Bb5
21. a4 Bd7 22. O-O Bh3 23. Rf4 Rc2 24. Rh4 Bf5 25. Rh5 Bg6 26. Rh4 Qe7 27. Rf4 Qxe3+ 28. Qxe3 Rxe3 29. Rb4 Ree2 30. Rxb7 Rg2+
31. Kf1 Bd3+
0-1

[Event "Turtle Speed # 20"]
[Site "SchemingMind.com"]
[Date "2009.02.11"]
[Round "-"]
[White "MetallicMagma"]
[Black "Imre030"]
[Result "0-1"]
[WhiteCountry "USA"]
[BlackCountry "HUN"]
[WhiteElo "1308"]
[WhiteRD "126"]
[BlackElo "1576"]
[BlackRD "178"]
[GameID "191826"]

1. e4 c5 2. Bc4 e6 3. d4 Bd6 4. Nf3 Nf6 5. Nc3 O-O 6. Nb5 Be7 7. O-O Nxe4 8. Bf4 Nc6 9. Qd3 d5 10. Bb3 Bg5
11. Bxg5 Nxg5 12. h4 Nxf3+ 13. gxf3 e5 14. c3 Bh3 15. Rfe1 Qxh4 16. Bxd5 Nxd4 17. cxd4 Qg5+ 18. Kh2 Qg2#
0-1

[Event "Turtle Speed # 20"]
[Site "SchemingMind.com"]
[Date "2009.02.12"]
[Round "-"]
[White "MetallicMagma"]
[Black "hlbcob"]
[Result "0-1"]
[WhiteCountry "USA"]
[BlackCountry "USA"]
[WhiteElo "1325"]
[WhiteRD "111"]
[BlackElo "1441"]
[BlackRD "143"]
[GameID "191827"]

1. e4 c6 2. Nc3 e5 3. Bc4 Nf6 4. Nf3 b5 5. Bb3 Bd6 6. Ng5 O-O 7. a4 b4 8. Ne2 a5 9. d4 exd4 10. Nxd4 h6
11. Ngf3 Ba6 12. h3 Nxe4 13. Nf5 Bc5 14. Be3 Bxe3 15. fxe3 Qg5 16. N5h4 Qg3#
0-1

[Event "Turtle Speed # 20"]
[Site "SchemingMind.com"]
[Date "2009.02.14"]
[Round "-"]
[White "_keyes"]
[Black "MetallicMagma"]
[Result "1-0"]
[WhiteCountry "ENG"]
[BlackCountry "USA"]
[WhiteElo "2032"]
[WhiteRD "85"]
[BlackElo "1308"]
[BlackRD "126"]
[GameID "191828"]

1. d4 d5 2. c4 e6 3. Nc3 Bb4 4. e3 Nf6 5. Qc2 Nc6 6. Bd3 a5 7. Bd2 O-O 8. Nf3 Ne4 9. Nxe4 dxe4 10. Bxe4 f5
11. Bxc6 bxc6 12. Bxb4 axb4 13. Ne5 Bb7 14. O-O Qg5 15. f4 Qf6 16. Nd7 Qf7 17. Nxf8 Kxf8 18. Qb3 c5 19. dxc5 Qg6 20. Rf2 Rd8
21. Qxb4 Be4 22. a4 h5 23. a5 h4 24. a6 h3 25. g3 Rd3 26. Qb8+ Qe8 27. Qxe8+ Kxe8 28. a7 Rxe3 29. a8=Q+ Bxa8 30. Rxa8+ Kf7
31. Kf1 Rd3 32. Ke1 Rb3 33. Ra7 Rb4 34. Rxc7+ Kf6 35. Rc2 Rb3 36. Rc6 Rb7 37. Rb6 Rd7 38. Re2 Rd4 39. b3 g6 40. Rexe6+
1-0

[Event "Turtle Speed # 20"]
[Site "SchemingMind.com"]
[Date "2009.02.11"]
[Round "-"]
[White "Joe Daudish"]
[Black "MetallicMagma"]
[Result "1-0"]
[WhiteCountry "USA"]
[BlackCountry "USA"]
[WhiteElo "1720"]
[WhiteRD "45"]
[BlackElo "1446"]
[BlackRD "154"]
[GameID "191829"]

1. d4 d5 2. Nf3 Nf6 3. Bf4 Nc6 4. h3 Bf5 5. c3 e6 6. e3 Be7 7. Bd3 Ne4 8. O-O Bg5 9. Bxe4 Bxe4 10. Bxg5 f6
11. Bf4 e5 12. dxe5 fxe5 13. Nxe5 Nxe5 14. Bxe5 Qg5 15. Bg3 O-O-O 16. Nd2 Bd3 17. Nf3 Qf5 18. Re1 b6 19. Nd4 Qe4 20. Qg4+ Rd7
21. Qxe4 dxe4 22. a4 c5 23. Ne2 g5 24. b4 h5 25. a5 h4 26. Bh2 b5 27. bxc5 Rh6 28. Nd4 Rf6 29. c6 Rdf7 30. Ra2 Bc4
31. Rb2 a6 32. Rd2 Rf8 33. Nc2 Rxc6 34. Nb4 Rcf6 35. Be5 Re6 36. Bd4 Rd8 37. Kh2 Rg6 38. f3 exf3 39. gxf3 Rf8 40. Rf2 Bf7
41. Rg1 Bc4 42. f4 Be6 43. Nd3 Kc7 44. fxg5 Rxf2+ 45. Nxf2 Rg8 46. Ne4 Bd5 47. Nf6 Rd8 48. Nxd5+ Rxd5 49. g6 Rd8 50. g7 Rg8
51. Rg4 Kc6 52. Rxh4 Kd5 53. Rh8 Rxh8 54. gxh8=Q Kc4 55. Bb6 Kd5 56. Qd4+ Kc6 57. Qc5+
1-0

[Event "Turtle Speed # 20"]
[Site "SchemingMind.com"]
[Date "2009.02.11"]
[Round "-"]
[White "finlaggan"]
[Black "MetallicMagma"]
[Result "1-0"]
[WhiteCountry "SCO"]
[BlackCountry "USA"]
[WhiteElo "2071"]
[WhiteRD "96"]
[BlackElo "1308"]
[BlackRD "126"]
[GameID "191830"]

1. c4 e5 2. Nc3 Nf6 3. Nf3 Bb4 4. Nxe5 Qe7 5. d4 d6 6. Nd3 Ba5 7. b4 Bb6 8. c5 dxc5 9. dxc5 Ng4 10. cxb6 cxb6
11. h3 Ne5 12. Nd5 Qd7 13. Nxe5 Qd6 14. Bf4 Qe6 15. Nc7+ Ke7 16. Nxe6 Bxe6 17. e4 f6 18. Rc1 fxe5 19. Rc7+ Kf6 20. Bxe5+ Kxe5
21. f4+ Kxe4 22. g3 h6 23. Qd3#
1-0

[Event "Turtle Speed # 20"]
[Site "SchemingMind.com"]
[Date "2009.02.11"]
[Round "-"]
[White "Francisco Aquino"]
[Black "MetallicMagma"]
[Result "1-0"]
[WhiteCountry "BRA"]
[BlackCountry "USA"]
[WhiteElo "1833"]
[WhiteRD "74"]
[BlackElo "1446"]
[BlackRD "154"]
[GameID "191831"]

1. e4 e5 2. Nf3 Nc6 3. Bb5 a6 4. Ba4 b5 5. Bb3 Nf6 6. O-O Nxe4 7. Re1 Nf6 8. d4 d6 9. Bg5 Bg4 10. dxe5 dxe5
11. Qxd8+ Rxd8 12. Nxe5 Nxe5 13. Rxe5+ Be7 14. Nc3 Rd7 15. Rae1 O-O 16. f3 Be6 17. Bxe6 fxe6 18. Rxe6 Ra8 19. Rxe7 b4 20. Bxf6 Rd2
21. Rxg7+ Kf8 22. Ne4 Rxc2 23. Rxh7 Re8 24. Rh8+ Kf7 25. Rxe8 Kxe8 26. a3 bxa3 27. bxa3 Ra2 28. a4 Rxa4 29. Nc5+ Kf7 30. Nxa4 Kxf6
31. g4 Kg5 32. Re5+ Kf4 33. Rf5+ Ke3 34. h4 Kd3 35. h5 Kc4 36. h6 Kb4 37. Nc5 a5 38. h7 a4 39. h8=Q a3 40. Qd4+ Kb5
41. Nb3+
1-0

[Event "Turtle Speed # 20"]
[Site "SchemingMind.com"]
[Date "2009.02.11"]
[Round "-"]
[White "Imre030"]
[Black "MetallicMagma"]
[Result "1-0"]
[WhiteCountry "HUN"]
[BlackCountry "USA"]
[WhiteElo "1477"]
[WhiteRD "135"]
[BlackElo "1325"]
[BlackRD "111"]
[GameID "191832"]

1. d4 Nc6 2. Nf3 d5 3. Nc3 Nf6 4. e3 e6 5. Be2 Bb4 6. Bb5 a6 7. Be2 O-O 8. O-O Bd6 9. a4 Ng4 10. g3 f6
11. b3 e5 12. Nxd5 Be6 13. Bc4 Bxd5 14. Bxd5+ Kh8 15. Ba3 Bxa3 16. Rxa3 Qxd5 17. c4 Qd6 18. c5 Qd7 19. Ra1 Qf5 20. h3 Nh6
21. g4 Qe4 22. Nd2 Qd3 23. Re1 Nb4 24. Nf3 Qc3 25. Rc1 Qb2 26. Rb1 Qc2 27. Qd2 Qxd2 28. Nxd2 Nd3 29. Red1 f5 30. Nc4 Nb4
31. Nxe5 g6 32. Nd3 Nd5 33. g5 Nf7 34. Nf4 Nc3 35. Ne6 Rfc8 36. Rdc1 Nxb1 37. Rxb1 b6 38. h4 bxc5 39. Nxc5 Nd6 40. b4 Nc4
41. Nd7 a5 42. bxa5 Rxa5 43. Nf6 Rxa4 44. e4 fxe4 45. Nxe4 Na3 46. Re1 Rxd4 47. Nf6 Kg7 48. Re7+ Kf8 49. Rxh7 Rdd8 50. h5 gxh5
51. g6 c5 52. g7+ Kf7 53. g8=Q+ Kxf6 54. Qf7+ Ke5 55. Rxh5+ Kd4 56. Qf4+ Kc3 57. Rh3+ Rd3 58. Rxd3+ Kxd3 59. Qf5+ Kd4 60. Qxc8 Nc4
61. f4 Nd6 62. Qd8 Kd5 63. Qg8+ Ke4 64. Qg4 Kd3 65. Qd1+ Kc3 66. Qxd6 c4 67. Qd1 Kb4 68. f5 c3 69. f6 Kc4 70. f7 Kb4
71. f8=Q+ Kc4 72. Qc1 Kb3 73. Qf3 Kb4 74. Qfxc3+ Ka4 75. Q3b2 Ka5 76. Qca1#
1-0

[Event "Turtle Speed # 20"]
[Site "SchemingMind.com"]
[Date "2009.02.12"]
[Round "-"]
[White "hlbcob"]
[Black "MetallicMagma"]
[Result "0-1"]
[WhiteCountry "USA"]
[BlackCountry "USA"]
[WhiteElo "1441"]
[WhiteRD "143"]
[BlackElo "1325"]
[BlackRD "111"]
[GameID "191833"]

1. d4 d5 2. c4 e6 3. Nc3 Bb4 4. Bd2 Nc6 5. e3 Nf6 6. a3 Bd6 7. cxd5 exd5 8. Nf3 O-O 9. Bd3 Bg4 10. h3 Bh5
11. g4 Bg6 12. Bxg6 fxg6 13. Qb3 Na5 14. Qb5 Nc4 15. Qxb7 Na5 16. Qb5 Nc4 17. b4 Rb8 18. Qa5 Nxa5
0-1